[Event "MCR mladeze 2019 - D14"]
[Site "Kouty nad Desnou"]
[Date "2019.03.12"]
[Round "5"]
[White "Trasakova, Adela"]
[Black "Habinova, Alice"]
[Result "1/2-1/2"]
[WhiteElo "1579"]
[BlackElo "1409"]
[EventDate "2019.03.09"]

1. d4  c5  2. c3  e6
3. Bf4  Nf6  4. e3
d5  5. Nd2  Bd6
6. Bg3  O-O  7. Ngf3  b6
8. Bd3  Ba6  9. Bxa6
Nxa6  10. Qe2  Nc7
11. Ne5  c4  12. O-O
Nce8  13. e4  Qc7
14. Rfe1  Nd7  15. exd5
exd5  16. Qf3  Nef6
17. Re2  Rae8  18. Rae1
Re6  19. Nxd7  Qxd7
20. Bxd6  Rxe2  21. Qxe2
Qxd6  22. Qe5  Qd7
23. Qg5  h6  24. Qh4
Re8  25. f3  Qa4
26. Rxe8+  Qxe8  27. Qf2
Qe6  28. Nf1  Qf5
29. Qe2  Kf8  30. Kf2
Qf4  31. Kg1  Qc1
32. Qd2  Qb1  33. a3
a5  34. Kf2  Qf5
35. Ke2  Qh5  36. Kf2
Qf5  1/2-1/2

[Event "MCR mladeze 2019 - D14"]
[Site "Kouty nad Desnou"]
[Date "2019.03.12"]
[Round "5"]
[White "Jirotova, Eliska"]
[Black "Fizerova, Lucie"]
[Result "0-1"]
[WhiteElo "1250"]
[BlackElo "1537"]
[EventDate "2019.03.09"]

1. e4 c5 2. Nf3 d6 3. c3 Nc6 4. d4 cxd4 5. cxd4 Nf6 6. Be3 e6 7. Nc3 Be7 8. Bc4
O-O 9. O-O a6 10. Bb3 b5 11. Rc1 Bb7 12. d5 exd5 13. exd5 Na5 14. Bc2 b4 15. Ne4
Nxd5 16. Bg5 Nf6 17. Nxf6+ Bxf6 18. Bxf6 Qxf6 19. Qd3 g6 20. Qe3 Nc4 21. Qe2 Nb6
22. Nd2 d5 23. Qg4 a5 24. h4 h5 25. Qg3 Rfe8 26. Nf3 Rad8 27. Qc7 Rd7 28. Qg3 d4
29. Bd3 Bc6 30. Rfe1 Rxe1+ 31. Rxe1 Bxf3 32. gxf3 Kg7 33. Re8 Qd6 34. Qg5 Rc7 35.
Kg2 Rc5 36. Qd2 Qf6 37. Kg3 Re5 38. Rb8 Qd6 39. Rb7 Re7+ 40. f4 Rxb7 41. Be4 Re7
42. f3 Nc4 43. Qc2 Ne3 44. Qd3 Rc7 45. Qe2 Rc1 0-1

[Event "MCR mladeze 2019 - D14"]
[Site "Kouty nad Desnou"]
[Date "2019.03.12"]
[Round "5"]
[White "Semova, Lada"]
[Black "Hosova, Sandra"]
[Result "0-1"]
[WhiteElo "1441"]
[BlackElo "1148"]
[EventDate "2019.03.09"]

1. e4 c5 2. f4 Nc6 3. Bc4 g6 4. Nf3 Bg7 5. Nc3 d6 6. O-O Nf6 7. d3 O-O 8. Qe1 a6
9. a3 b5 10. Ba2 Bg4 11. Ne2 Qd7 12. Qh4 Nh5 13. c3 Bf6 14. Qf2 a5 15. Ng3 Nxg3
16. Qxg3 b4 17. Bd2 Rfb8 18. h3 Bxf3 19. Rxf3 bxa3 20. bxa3 Rb2 21. Qe1 Rab8 22.
Kh2 Rc2 23. Bd5 Rbb2 24. Rf2 Rxd2 25. Rxd2 Bxc3 26. Rad1 e6 27. Bxc6 Qxc6 28. Qe2
Rxd2 29. Rxd2 Bxd2 30. Qxd2 Qb5 31. Kg3 a4 32. f5 e5 33. fxg6 hxg6 34. Kf2 Kf8
35. Qh6+ Ke7 36. Qh4+ Kd7 37. Qg4+ Kc7 38. Qe2 Qb3 39. g4 Qxa3 40. h4 Qc1 41. Kg2
a3 42. h5 Qb2 43. Qxb2 axb2 44. hxg6 fxg6 0-1

[Event "MCR mladeze 2019 - D14"]
[Site "Kouty nad Desnou"]
[Date "2019.03.12"]
[Round "5"]
[White "Smajzrova, Dominika"]
[Black "Zilava, Anezka"]
[Result "1/2-1/2"]
[WhiteElo "1400"]
[BlackElo "1267"]
[EventDate "2019.03.09"]

1. e4 e5 2. Nf3 Nc6 3. d4 exd4 4. Bc4 Bc5 5. c3 dxc3 6. Bxf7+ Kf8 7. Bxg8 Rxg8 8.
Nxc3 d6 9. O-O Bg4 10. h3 Bh5 11. Qd2 Bxf3 12. Qf4+ Qf6 13. Qxf3 Qxf3 14. gxf3
Nd4 15. Kg2 Ke8 16. Nd5 Kd7 17. Be3 Nc2 18. Rac1 Nxe3+ 19. fxe3 c6 20. b4 Bb6 21.
Nxb6+ axb6 22. Rc2 Ra3 23. Re1 Rc8 24. f4 g6 25. Rd2 Kc7 26. h4 Re8 27. Kf3 h5
1/2-1/2

[Event "MCR mladeze 2019 - D14"]
[Site "Kouty nad Desnou"]
[Date "2019.03.12"]
[Round "5"]
[White "Nespora, Tatana"]
[Black "Merinska, Julie"]
[Result "0-1"]
[WhiteElo "1319"]
[BlackElo "1044"]
[EventDate "2019.03.09"]

1. e4 e5 2. Nf3 Nc6 3. Nc3 Nf6 4. d4 d5 5. dxe5 Nxe4 6. Qxd5 Nxc3 7. Qxd8+ Nxd8
8. bxc3 Nc6 9. Bc4 Bf5 10. Bb3 Bc5 11. O-O O-O 12. Re1 Rae8 13. Bf4 Bb6 14. Ng5
Be6 15. Rad1 h6 16. Nxe6 fxe6 17. Bg3 Kh8 18. Rd7 Rf5 19. h3 g5 20. h4 gxh4 21.
Bxh4 Nxe5 22. Bg3 Nxd7 23. Rxe6 Rxe6 24. Bxe6 Rg5 25. Bxd7 Rxg3 0-1

[Event "MCR mladeze 2019 - D14"]
[Site "Kouty nad Desnou"]
[Date "2019.03.12"]
[Round "5"]
[White "Markova, Karolina"]
[Black "Nagyova, Daniela"]
[Result "1/2-1/2"]
[WhiteElo "1474"]
[BlackElo "1397"]
[EventDate "2019.03.09"]

1. e4  e5  2. Nf3  Nc6
3. d4  exd4  4. Bc4
Nf6  5. e5  Ne4
6. O-O  d5  7. Bb5  Bd7
8. Bxc6  bxc6  9. Nxd4
Bc5  10. f3  Ng5
11. f4  Ne4  12. Be3
Bb6  13. c3  O-O
14. Nd2  Nxd2  15. Qxd2
c5  16. Nb3  c4
17. Bxb6  axb6  18. Nd4  c5
19. Ne2  Bf5  20. Ng3
Bd3  21. Rfe1  d4
22. b3  dxc3  23. Qxc3
cxb3  24. axb3  Qd5
25. Rad1  c4  26. bxc4
Qc5+  27. Kh1  Bxc4
28. Ne4  Qc6  29. Nd6
b5  30. Rc1  f6
31. Nxb5  Bxb5  32. Qxc6  Bxc6
33. Rxc6  fxe5  34. fxe5
Rae8  35. Rc5  Re6
36. h3  Kf7  37. Kh2
Kg6  38. Rd5  Rfe8
39. g4  h5  40. Kg3
hxg4  41. Kxg4  Ra6
42. Re4  Rae6  43. h4
Kh6  44. Kf4  Rf8+
45. Ke3  Rfe8  46. Kd4
g5  47. Rd6  gxh4
48. Rxe6+  Rxe6  49. Rxh4+
Kg5  50. Rh1  Ra6
51. Rg1+  Kf5  52. Rf1+
Kg6  53. Ke4  Ra4+
54. Kf3  Kf5  55. Re1
1/2-1/2

[Event "MCR mladeze 2019 - D14"]
[Site "Kouty nad Desnou"]
[Date "2019.03.12"]
[Round "5"]
[White "Pluharova, Asja"]
[Black "Glasbergerova, Lucie"]
[Result "1-0"]
[WhiteElo "1143"]
[BlackElo "1138"]
[EventDate "2019.03.09"]

1. e4  e5  2. Nf3  Nc6
3. d4  f6  4. d5
Nb8  5. Bc4  d6
6. O-O  f5  7. exf5  Bxf5
8. Nc3  Nf6  9. Bg5
Be7  10. Qe2  c6
11. Rad1  Nbd7  12. Nh4
Bg4  13. f3  Bh5
14. Nf5  Bf8  15. Ne4
Qb6+  16. Kh1  O-O-O
17. Nexd6+  Bxd6  18. Nxd6+
Kc7  19. dxc6  bxc6
20. b3  Bg6  21. Be6
Nc5  22. Qxe5  Qb4
23. Nf7+  Kb6  24. Nxd8
Rxd8  25. Rxd8  Ka6
26. Bc4+  Ka5  27. Bd2
Bxc2  28. Bxb4+  Kxb4
29. Rb8+  Ka3  30. Qxc5+
Kb2  31. Qxa7  h6
32. Qxg7  h5  33. Qxf6+
Ka3  34. Ra8+  Kb4
35. Qxc6  h4  36. Be2
Bxb3  37. axb3  h3
38. Qc4#  1-0

[Event "MCR mladeze 2019 - D14"]
[Site "Kouty nad Desnou"]
[Date "2019.03.12"]
[Round "5"]
[White "Stavova, Helena"]
[Black "Stastna, Alena"]
[Result "0-1"]
[WhiteElo "1068"]
[BlackElo "1126"]
[EventDate "2019.03.09"]

1. e4  c5  2. Nf3  Nc6
3. d4  cxd4  4. Nxd4
e6  5. Nc3  Nf6
6. Be3  Bb4  7. Bd3  d5
8. f3  e5  9. Nxc6
bxc6  10. exd5  cxd5
11. Bd2  O-O  12. O-O
Qb6+  13. Kh1  Re8
14. Qe2  d4  15. Ne4
Nxe4  16. Bxe4  Bb7
17. Bxb4  Qxb4  18. b3
Bxe4  19. Qxe4  Rac8
20. Rac1  Qd2  21. Rfd1
Qf2  22. Re1  Qd2
23. Qd3  Qxd3  24. cxd3
Rxc1  25. Rxc1  f5
26. Re1  Rc8  27. h3
Rc5  28. Re2  Kf7
29. g4  f4  30. Kg2
Kf6  31. h4  h6
32. Kf1  Rc1+  33. Re1  Rc3
34. Rd1  Rc2  35. a4
Rc3  36. b4  Rc2
37. Rb1  Rd2  38. Rb3
Rh2  39. h5  Kg5
40. Kg1  Ra2  41. a5
Kh4  42. Rb1  Kg3
43. Rf1  Rd2  44. b5
Rxd3  45. b6  axb6
46. axb6  Rb3  47. Rf2
Rb1+  48. Rf1  Rxb6
49. Re1  d3 50. Rd1  Rb3
51. Kf1  Kxf3  52. Ke1
Ke3  53. Kf1  f3
54. Re1+ Kd2  55. Rxe5  Kc2
56. Re1  Rb1  57. Rxb1
Kxb1  58. Ke1  Kc2
59. g5  d2+  60. Kf2
d1=Q  61. gxh6  Qe2+
62. Kg3  gxh6  63. Kf4
f2  64. Kf5  f1=R+
65. Kg6  Qg4+  66. Kh7
Qe6  67. Kg7  Rf7+
68. Kg8  Qe8# 0-1

[Event "MCR mladeze 2019 - D16"]
[Site "Kouty nad Desnou"]
[Date "2019.03.12"]
[Round "5"]
[White "Otrubova, Kristyna"]
[Black "Dvorakova, Olga"]
[Result "0-1"]
[WhiteElo "1680"]
[BlackElo "1715"]
[EventDate "2019.03.09"]

1. e4  c6  2. d4  d5
3. Nc3  dxe4  4. Nxe4
Bf5  5. Ng3  Bg6
6. Nh3  Nf6  7. Nf4
e6  8. Nxg6  hxg6
9. c3  Bd6  10. Bd3
Nbd7  11. Bd2  Qc7
12. Qf3  O-O-O  13. O-O-O
e5  14. Kb1  Qb6
15. Ne2  Rde8  16. dxe5
Nxe5  17. Be3  Qc7
0-1

[Event "MCR mladeze 2019 - D16"]
[Site "Kouty nad Desnou"]
[Date "2019.03.12"]
[Round "5"]
[White "Gregurkova, Nikola"]
[Black "Rolinkova, Lucie"]
[Result "1/2-1/2"]
[WhiteElo "1687"]
[BlackElo "1639"]
[EventDate "2019.03.09"]

1. e4  d5  2. exd5  Qxd5
3. Nc3  Qd6  4. d4
Nf6  5. Nf3  a6
6. h3  b5  7. Be3  Bb7
8. a3  e6  9. Be2
Be7  10. O-O  O-O
11. Ne5  c5  12. Bf3
Nd5  13. Nxd5  Bxd5
14. Bxd5  Qxd5  15. Qf3
Qxf3  16. Nxf3  Nd7
17. dxc5  Bxc5  18. Bxc5
Nxc5  19. Rad1  Rfd8
20. Rfe1  Rac8  21. Rxd8+
Rxd8  22. Re2  Kf8
1/2-1/2

[Event "MCR mladeze 2019 - D16"]
[Site "Kouty nad Desnou"]
[Date "2019.03.12"]
[Round "5"]
[White "Steinova, Kamila"]
[Black "Laurincova, Kristyna"]
[Result "0-1"]
[WhiteElo "1378"]
[BlackElo "2108"]
[EventDate "2019.03.09"]

1. e4  c5  2. d4  cxd4
3. Qxd4  Nc6  4. Qd1
Nf6  5. Nc3  d6
6. Nf3  g6  7. Bd3  Bg7
8. Bf4  O-O  9. O-O
d5  10. Rb1  d4
11. Ne2  Nh5  12. h3  Nxf4
13. Nxf4  Qd6  14. Ne2
f5  15. exf5  gxf5
16. Ng3  e5  17. Bc4+
Be6  18. Bxe6+  Qxe6
19. a3  e4  20. Re1
Qh6  21. Nd2  Be5
22. Ndf1  Kh8  23. Qh5
Qe6  24. Qe2  Rg8
25. Kh1  Raf8  26. Qd2
Qg6  27. f4  exf3
28. Rxe5  fxg2+  29. Kxg2
Nxe5  30. Qxd4  Qc6+
31. Kg1  Qf6  32. Qxa7
f4  33. Kg2  fxg3
0-1

[Event "MCR mladeze 2019 - D16"]
[Site "Kouty nad Desnou"]
[Date "2019.03.12"]
[Round "5"]
[White "Jankovska, Hana"]
[Black "Otahalova, Nela"]
[Result "1/2-1/2"]
[WhiteElo "1164"]
[BlackElo "1343"]
[EventDate "2019.03.09"]

1. e4  b6  2. Nc3  Bb7
3. Bc4  e6  4. Nf3
Bb4  5. e5  d6
6. O-O  Nd7  7. exd6  Bxd6
8. d4  Ngf6  9. Re1
O-O  10. Bg5  h6
11. Bh4  Be7  12. a3
Re8  13. Bg3  a6
14. Qd3  b5  15. Bb3
c5  16. dxc5  Nxc5
17. Qe2  Nxb3  18. cxb3
Qb6  19. Red1  Red8
20. Rac1  Rxd1+  21. Nxd1
Nd5  22. h3  Bd6
23. Bxd6  Qxd6  24. Qe5
Qxe5  25. Nxe5  Nf4
26. Rc7  Bxg2  27. Rxf7
Bf3  28. Rxf4  Bxd1
29. b4  Bb3  30. Nd7
Ra7  31. Rf8+  Kh7
32. Nc5  Bd5  33. Rd8
a5  34. bxa5  Rxa5
35. Rb8  Kg6  36. Kh2
Kf6  37. b4  Rxa3
38. Rxb5  Ra2  39. Kg3
Ra3+  40. Kh2  Ra2
41. Kg3 1/2-1/2

[Event "MCR mladeze 2019 - D16"]
[Site "Kouty nad Desnou"]
[Date "2019.03.12"]
[Round "5"]
[White "Leksova, Sona"]
[Black "Vavrinkova, Anna"]
[Result "0-1"]
[WhiteElo "1432"]
[BlackElo "1543"]
[EventDate "2019.03.09"]

1. e4  c5  2. Nf3  Nc6
3. Bb5  g6  4. O-O
Bg7  5. c3  d5
6. e5  Nh6  7. d4  cxd4
8. cxd4  O-O  9. h3
f6  10. Bxc6  bxc6
11. Qc2  Qb6  12. exf6
exf6  13. Re1  Bf5
14. Qc5  Rfe8  15. Rxe8+
Rxe8  16. Nc3  Qa6
17. Qd6  Nf7  18. Qf4
Qb6  19. Na4  Qb5
20. Nc5  Bh6  21. a4
Qxb2  22. Bxb2  Bxf4
23. Nh4  Bc2  24. Kf1
Ng5  25. Re1  Rxe1+
26. Kxe1  Bd6  27. Kd2
Bb1  28. Nb3  Ne4+
29. Ke3  Bc2  30. f3
Ng3  31. Nc5  Kf7
32. Nb7  Bc7  33. f4
Bxa4  34. Nc5  Bb5
35. Kf3  Nh5  36. f5
g5  37. g4  Nf4
38. Ng2  Nxh3  39. Ne6  Bd6
40. Bc1  a5  41. Ne1
Ng1+  42. Kf2  Ne2
43. Bd2  a4  44. Nd8+
Ke7  45. Nxc6+  Kd7
46. Nb4  Bc4  47. Nec2
Nf4  48. Ne3  Bxb4
49. Nxc4  dxc4  0-1

[Event "MCR mladeze 2019 - D16"]
[Site "Kouty nad Desnou"]
[Date "2019.03.12"]
[Round "5"]
[White "Saskova, Renata"]
[Black "Tutkova, Ludmila"]
[Result "1/2-1/2"]
[WhiteElo "1284"]
[BlackElo "1133"]
[EventDate "2019.03.09"]

1. e4 b6 2. Nc3 Bb7 3. Bc4 e6 4. Nf3 Bb4 5. d3 d5 6. exd5 exd5 7. Bb5+ c6 8. Qe2+
Qe7 9. Qxe7+ Nxe7 10. Ba4 b5 11. Bb3 c5 12. a3 Bxc3+ 13. bxc3 c4 14. dxc4 dxc4
15. Ba2 O-O 16. Rb1 a6 17. O-O Nd5 18. Bd2 Nd7 19. Bxc4 bxc4 20. Rxb7 Nc5 21.
Rbb1 Ne4 22. Rfe1 Ndxc3 23. Bxc3 Nxc3 24. Rb4 Rac8 25. Nd2 Nb5 26. a4 Nd6 27. Rb6
c3 28. Rxd6 cxd2 29. Rxd2 Rc4 30. a5 Rfc8 31. f3 h6 32. Rc1 R4c5 33. Kf2 Rxa5 34.
c4 Rac5 35. Rdc2 a5 36. Ke3 Kf8 37. Kd3 Ke7 38. Ra1 Kd6 39. Ra4 g5 40. g3 h5 41.
h3 f5 42. Rca2 Ra8 43. Kd4 Kc6 1/2-1/2

[Event "MCR mladeze 2019 - H10"]
[Site "Kouty nad Desnou"]
[Date "2019.03.12"]
[Round "5"]
[White "Veverka, Vladimir"]
[Black "Finek, Vaclav"]
[Result "1-0"]
[WhiteElo "1347"]
[BlackElo "1903"]
[EventDate "2019.03.09"]

1. d4  Nf6  2. c4  g6
3. Nf3  Bg7  4. g3
O-O  5. Bg2  c5
6. d5  d6  7. Nc3  Bg4
8. O-O  Bxf3  9. Bxf3
Nbd7  10. Qc2  Ne5
11. b3  Nxf3+  12. exf3
b5  13. Bb2  bxc4
14. bxc4  Nd7  15. Ne4
Bxb2  16. Qxb2  Rb8
17. Qc2  Qa5  18. Rab1
Ne5  19. Kg2  Qc7
20. f4  Nd7  21. f5
Rb4  22. fxg6  hxg6
23. h4  Ne5  24. Rxb4
cxb4  25. Rc1  Qd7
26. Qe2  Qg4  27. Qxg4
Nxg4  28. c5  dxc5
29. Rxc5  Rd8  30. Kh3
Ne5  31. Rc7  Rd7
32. d6  Kf8  33. f4
exd6  34. Rc8+  Kg7
35. fxe5  dxe5  36. Rg8+
Kxg8  37. Nf6+  Kg7
38. Nxd7  f6  39. Nb8
Kf7  40. Nc6  a6
41. Nxb4  a5  42. Nc6
a4  43. Nb4  f5
44. Nd3  e4  45. Nb2  Ke6
46. Nxa4  Kd5  47. Kg2
Kc4  48. Kf2  Kb4
49. Nb6  Ka3  50. Ke3
Kxa2  51. g4  fxg4
52. Kxe4  Kb3  53. Kf4
Kc3  54. Kxg4  Kd4
55. Kg5  Ke5  56. Kxg6
Kd4  57. h5  Kc5
58. h6  Kxb6  59. h7
Kc5  60. h8=Q  Kd5
61. Qe8  Kd4  62. Qe6
Kc5  63. Qd7  Kc4
64. Kf5  Kc5  65. Ke4
Kc4  66. Qd5+  Kc3
67. Qd3+  Kb4  68. Kd4
Ka5  69. Qb3  Ka6
70. Kc5  Ka7  71. Kc6
Ka8  72. Qb7#  1-0

[Event "MCR mladeze 2019 - H10"]
[Site "Kouty nad Desnou"]
[Date "2019.03.12"]
[Round "5"]
[White "Setina, Vaclav"]
[Black "Juhanak, Daniel"]
[Result "1-0"]
[WhiteElo "1388"]
[BlackElo "1586"]
[EventDate "2019.03.09"]

1. e4  c5  2. c3  Nf6
3. e5  Nd5  4. d4
cxd4  5. cxd4  e6
6. Bc4  Ne7  7. Ne2
Nbc6  8. O-O  Qc7
9. b3  Nf5  10. Bb2
Be7  11. Ng3  Nxg3
12. hxg3  O-O  13. Nc3
a6  14. a4  b6
15. Ne4  Bb7  16. Re1  Nb4
17. Rc1  Qb8  18. Qg4
Kh8  19. Nd6  Bxd6
20. exd6  Qxd6  21. d5
Rg8  22. dxe6  dxe6
23. Red1  Nd5  24. Bd3
Qe7  25. Bxh7  Nf6
26. Bxf6  gxf6  27. Bxg8
Rxg8  28. Qf4  Qf8
29. Qh4+  Kg7  30. Rc4
1-0

[Event "MCR mladeze 2019 - H10"]
[Site "Kouty nad Desnou"]
[Date "2019.03.12"]
[Round "5"]
[White "Jasso, Matej"]
[Black "Zelba, Lukas"]
[Result "0-1"]
[WhiteElo "1343"]
[BlackElo "1218"]
[EventDate "2019.03.09"]

1. e4  d5  2. exd5  Nf6
3. d4  Nxd5  4. c4
Nf6  5. Nc3  e5
6. d5  c6  7. Bg5  Bb4
8. Qa4  Qa5  9. Qxa5
Bxa5  10. Bxf6  gxf6
11. Bd3  cxd5  12. cxd5
Nd7  13. Nge2  Nc5
14. Bc2  Bd7  15. O-O
h5  16. a3  Bd8
17. b4  Na6  18. Ne4  Be7
19. N2c3  f5  20. Ng3
Rc8  21. Nge2  e4
22. Bb3  f4  23. Nxe4
f3  24. Nf4  f5
25. d6  fxe4  26. dxe7  fxg2
27. Rfc1  Rh6  28. Rxc8+
Bxc8  29. Rc1  Bd7
30. Bd5  b5  31. Bxe4
Kxe7  32. Bxg2  Nb8
33. Rc5  Ra6  34. Rxh5
Rxa3  35. Nd5+  Kd6
36. Rh6+  Ke5  37. Rh8
Ra1+  38. Bf1  Kxd5
39. f4  Nc6  40. Kf2
Nxb4  41. Rd8  Ke6
42. Bh3+  Kf6  43. Rxd7
Ra2+  44. Kg3  Ra3+
45. Kh4  Nd3  46. Rd6+
Ke7  47. Re6+  Kf7
48. Re3  b4  49. Be6+
Kf6  50. Bc4  Nxf4
51. Rxa3  bxa3  52. Kg4
Nd3  53. Bd5  Nb4
54. Bc4  a2  55. Bxa2
Nxa2  56. Kh5  Nc3
57. Kh6  Ne4  58. h4
a5  59. Kh7  a4
60. h5  Ng3  61. h6  Nf5
62. Kh8  Nxh6  63. Kh7
a3  64. Kh8  a2
65. Kh7  a1=R  66. Kh8  Ra8+
67. Kh7  Rg8  68. Kxh6
Rh8# 0-1

[Event "MCR mladeze 2019 - H10"]
[Site "Kouty nad Desnou"]
[Date "2019.03.12"]
[Round "5"]
[White "Garabik, Marek"]
[Black "Hobza, Richard"]
[Result "1/2-1/2"]
[WhiteElo "1355"]
[BlackElo "1116"]
[EventDate "2019.03.09"]

1. e4  c5  2. Nf3  d6
3. Bb5+  Bd7  4. Bxd7+
Qxd7  5. c3  Nf6
6. Qc2  Nc6  7. O-O
g6  8. d4  cxd4
9. cxd4  Rc8  10. Qe2  Bg7
11. d5  Nb8  12. Nc3
O-O  13. Be3  a6
14. Rac1  Qd8  15. Bd4
Nbd7  16. Rfe1  Re8
17. e5  dxe5  18. Nxe5
Nxe5  19. Bxe5  b5
20. Bxf6  Bxf6  21. a3
Bxc3  22. bxc3  Qxd5
23. Qe4  Qxe4  24. Rxe4
e6  25. a4  Red8
26. Kf1  bxa4  27. Rxa4
Rd6  28. c4  Rdc6
29. Ke2  Kf8  30. Kd3
Ke7  31. Rb1  Kf6
32. Rbb4  Rd8+  33. Ke2
Rcd6  34. Rb2  Rd4
35. Rba2  R8d6  36. c5
Rxa4  37. Rxa4  Rc6
38. Kf3  Rxc5  39. Rxa6
Rf5+  40. Kg3  Rg5+
41. Kf3  Rf5+  42. Ke2
Re5+  43. Kf1  Rf5
44. g4  Rf4  45. h3
h6  1/2-1/2

[Event "MCR mladeze 2019 - H10"]
[Site "Kouty nad Desnou"]
[Date "2019.03.12"]
[Round "5"]
[White "Letal, Jonas"]
[Black "Novotny, Petr"]
[Result "0-1"]
[WhiteElo "1122"]
[BlackElo "1026"]
[EventDate "2019.03.09"]

1. e4  d5  2. exd5  Nf6
3. Nf3  Nxd5  4. d4
g6  5. c4  Nb6
6. c5  Nd5  7. Bc4  c6
8. Qb3  b6  9. Nc3
e6  10. Bg5  Qc7
11. cxb6 axb6  12. O-O  Bg7
13. Rfe1  O-O  14. Ne5
f6  15. Nxg6  hxg6
16. Bh4  b5  17. Bd3
Nxc3  18. bxc3  Qf7
19. Qc2  f5  20. Rab1
Bf6  21. Bg3  Nd7
22. c4  bxc4  23. Bxc4
Re8  24. Qb3  Nf8
25. Qb6  Qd7  26. Rbd1
Qb7  27. Qc5  Kg7
28. Rb1  Qd7  29. Rb6
Bxd4  30. Qxc6  Bxb6
31. Qxb6  Qb7  32. Qd4+
Kg8  33. Qf6  Qg7
34. Qh4  g5  35. Qh5
g4  36. Qxe8  Qc3
37. Rf1  Qxc4  38. Bd6
Bb7  39. Qe7  Qe4
40. Qg5+  Kh8  41. Qf6+
Kg8  42. Qg5+  Kh7
43. Qe7+  Kg6  44. f3
Qd4+  45. Kh1  Qg7
46. Qh4  Qd4  47. Be7
Qf4  48. Qf6+  Kh5
49. Qf7+  Ng6  50. Qh7+
Qh6  51. Qf7  gxf3
52. gxf3  Bxf3+  53. Rxf3
Qc1+  54. Kg2  Rxa2+
55. Rf2  Qc6+  56. Kg1
Ra1+  57. Rf1  Qb6+
58. Kg2  Qb7+  59. Rf3
Ra2+  60. Kg1  Qa7+
61. Kh1  Ra1+  62. Kg2
Qg1+  63. Kh3  Qg4#
0-1

[Event "MCR mladeze 2019 - H12"]
[Site "Kouty nad Desnou"]
[Date "2019.03.12"]
[Round "5"]
[White "Nemec, Jachym"]
[Black "Paseka, Matyas"]
[Result "1/2-1/2"]
[WhiteElo "1820"]
[BlackElo "1929"]
[EventDate "2019.03.09"]

1. e4  c5  2. Nf3  d6
3. d4  cxd4  4. Nxd4
Nf6  5. Nc3  a6
6. Bg5  e6  7. f4  Be7
8. Qf3  h6  9. Bxf6
Bxf6  10. O-O-O  Qc7
11. g4  Nc6  12. Nxc6
bxc6  13. h4  d5
14. e5  Be7  15. g5
h5  16. g6  f5
17. exf6  Bxf6  18. Bh3  Rf8
19. f5  Rb8  20. Rhe1 1/2-1/2

[Event "MCR mladeze 2019 - H12"]
[Site "Kouty nad Desnou"]
[Date "2019.03.12"]
[Round "5"]
[White "Janous, Marek"]
[Black "Smolik, Jachym"]
[Result "1-0"]
[WhiteElo "1663"]
[BlackElo "1698"]
[EventDate "2019.03.09"]

1. e4  c5  2. Nf3  Nc6
3. d4  cxd4  4. Nxd4
e6  5. Nc3  Qc7
6. Be2  Bb4  7. O-O  Nf6
8. Be3  a6  9. Na4
b5  10. Nxc6  Qxc6
11. Nb6  Rb8  12. Bf3
e5  13. Nd5  Nxd5
14. exd5  Qc7  15. Qe2
O-O  16. c3  Be7
17. a4  f5  18. g3
d6  19. Bg2  Bd7
20. a5  Rbe8  21. Rfc1
f4  22. Bb6  Qc4
23. Bf1  Qxe2  24. Bxe2
Bg5  25. Rd1  f3
26. Bf1  e4  27. c4
bxc4  28. Bxc4  e3
29. Bxe3  Bxe3  30. fxe3
f2+  31. Kg2  Bg4
32. Rd2  Bf3+  33. Kf1
Rxe3  34. Rxf2  Rfe8
35. Bxa6  Bxd5  36. Rd1
Bf3  37. Ra1  Ba8
38. Re2  Rf8+  39. Kg1
Ref3  40. Rae1  d5
41. Re8  d4  42. Rxf8+
Rxf8  43. Bc4+  Kh8
44. Bb5  Bf3  45. Rf1
Rf6  46. Bc4  g6
47. Be2  Rf5  48. Rxf3
Rxa5  49. b4  Ra1+
50. Kf2  Kg7  51. Rd3
Rh1  52. Kg2  Rb1
53. Rxd4  Kf6  54. b5
Ke5  55. Rc4  Rxb5
56. Re4+  Kxe4  57. Bxb5
g5  58. Be2  h6
59. Kf2  Kf5  60. Bd3+  Ke5
61. Kf3  h5  62. Bg6
g4+  63. Ke3  h4
64. Bc2  Kf6  65. Kf4
Kg7  66. Kxg4  hxg3
67. hxg3  Kh6  68. Kf5
Kh5  69. g4+  Kh6
70. g5+  Kg7  71. Bd1
Kh7  72. g6+  Kh6
73. Ba4  Kg7  74. Kg5
Kg8  75. Kf6  Kf8
76. g7+  Kg8  77. Bb3+
1-0

[Event "MCR mladeze 2019 - H12"]
[Site "Kouty nad Desnou"]
[Date "2019.03.12"]
[Round "5"]
[White "Vasinek, Martin"]
[Black "Lang, Simon"]
[Result "0-1"]
[WhiteElo "1406"]
[BlackElo "1448"]
[EventDate "2019.03.09"]

1. d4  d5  2. c4  e6
3. Nf3  Nf6  4. e3
c5  5. cxd5  exd5
6. Bb5+  Bd7  7. Qa4
Nc6  8. Nc3  a6
9. Bxc6  Bxc6  10. Qd1  Bd6
11. O-O  O-O  12. b3
Ne4  13. Bb2  Rc8
14. Rc1  c4  15. Nxe4
dxe4  16. Nd2  cxb3
17. Qxb3  Qh4  18. g3
Qh3  19. d5  Bb5
20. Nc4  Bxc4  21. Rxc4
Rxc4  22. Qxc4  Qf5
23. Qd4  f6  24. Qd2
Rc8  25. Rc1  Rxc1+
26. Bxc1  Qc8  27. Bb2
Qc4  28. Qa5  Bc7
29. Qd2  Qd3  30. Qxd3
exd3  31. Bc3  Kf7
32. e4  Ke7  33. f3
Kd6  34. Kf2  Kc5
35. Ke3  Kc4  36. Kd2
b5  37. a3  a5
38. f4  b4  39. axb4  axb4
40. Ba1  b3  41. Bc3
Ba5  42. Bxa5  b2
43. d6  b1=Q  0-1

[Event "MCR mladeze 2019 - H12"]
[Site "Kouty nad Desnou"]
[Date "2019.03.12"]
[Round "5"]
[White "Werner, Hong Quan Dan"]
[Black "Kubin, Tomas Daniel"]
[Result "1-0"]
[WhiteElo "1723"]
[BlackElo "1415"]
[EventDate "2019.03.09"]

1. e4  d5  2. exd5  Nf6
3. Nc3  Nxd5  4. Bc4
Nb6  5. Bb3  g6
6. Qf3  e6  7. d3  Bg7
8. Nge2  O-O  9. Bd2
a5  10. a3  Nc6
11. O-O-O  Ne5  12. Qg3  a4
13. Ba2  Nd5  14. Nxd5
exd5  15. h4  c5
16. Bf4  Ng4  17. h5
b5  18. hxg6  fxg6
19. Bd6  Re8  20. Bxd5+
Be6  21. Bxa8  Qxa8
22. Bxc5  Qc6  23. d4
Rc8  24. Nc3  Bf5
25. Rhe1  Bh6+  26. Kb1
Nf6  27. Qd6  Qxd6
28. Bxd6  Ng4  29. Re2
Bg7  30. f3  Nh6
31. Be5  Bf8  32. Nxb5
1-0

[Event "MCR mladeze 2019 - H12"]
[Site "Kouty nad Desnou"]
[Date "2019.03.12"]
[Round "5"]
[White "Brozka, Karel"]
[Black "Mohapl, Tomas"]
[Result "0-1"]
[WhiteElo "1863"]
[BlackElo "1575"]
[EventDate "2019.03.09"]

1. d4  d5  2. Nf3  Nf6
3. c4  c6  4. Nc3
dxc4  5. a4  Bf5
6. e3  e6  7. Bxc4
Bb4  8. O-O  O-O
9. Bd3  Bg6  10. Qe2
Nbd7  11. Bxg6  hxg6
12. Rd1  Qa5  13. Bd2
Rac8  14. e4  e5
15. dxe5  Nxe5  16. Nxe5
Qxe5  17. f4  Bc5+
18. Kh1  Qe6  19. e5
Ng4  20. Ne4  Bb6
21. h3  Nh6  22. Be3
Rcd8  23. Bxb6  axb6
24. Qf3  Nf5  25. Rxd8
Rxd8  26. Rd1  Rd5
27. Ng5  Qd7  28. Rxd5
Qxd5  29. Qxd5  cxd5
30. Kg1  Kf8  31. Kf2
Ke7  32. g4  Nd4
33. Ke3  Nc6  34. Nf3
f6  35. Kd3  Ke6
36. Nd4+  Ke7  37. Nxc6+
bxc6 38. Kd4  Ke6  39. b4
g5  40. f5+  Ke7
41. b5  fxe5+  42. Kxe5
cxb5  43. axb5  d4
44. Kxd4  Kd6  45. h4
gxh4  46. Ke4  Ke7
47. g5  Kd6  48. Kf4
h3  49. Kg3  Ke5
50. f6  gxf6  51. gxf6
Kxf6  52. Kxh3  Ke5
53. Kg3  Kd4  54. Kf3
Kc4  55. Ke3  Kxb5
56. Kd3  Kb4  57. Kc2
Ka3  58. Kb1  b5
59. Kc2  b4  60. Kc1
Ka2  0-1